Constructoras. Rǧimen contable, fiscal y de seguridad social

Detalles Bibliográficos
Autor principal: Přez Chv̀ez, Još
Otros Autores: Fol Olgun̕, Raymundo
Formato: eBook
Lenguaje:español
Publicado: Mexico DF: Tax Editores, 2014
Materias:
Acceso en línea:Acceso restringido

MARC

LEADER 00000nam a22000007a 4500
005 20140416220551.0
007 cr|||| ||||
008 140416s2014 mx |||||s|||| 00||0 spa d
035 |a 11887 
040 |a vLex 
090 |c 4791  |d 4791 
100 1 |a Přez Chv̀ez, Još 
245 1 0 |a Constructoras. Rǧimen contable, fiscal y de seguridad social  |h [Recurso electrn̤ico] /  |c Jos ̌Přez Chv̀ez, Raymundo Fol Olgun̕ 
256 |a Servicio en ln̕ea 
260 |a Mexico DF:  |b Tax Editores,  |c 2014 
300 |a 1 recurso electrn̤ico 
500 |a La escasa bibliografa̕ referente a las empresas constructoras es el motivo de esta publicacin̤, misma que analiza dicha actividad, considerando los aspectos siguientes: a) Registros contables de los contratos de construccin̤. b) Obligaciones fiscales que previene la LISR y la LIVA. c) Obligaciones relativas a la seguridad social (IMSS, SAR, Infonavit). El lenguaje claro y sencillo de este libro permite que los estudiantes, contribuyentes y ejecutivos de las empresas constructoras: a) Comprendan de una manera rp̀ida e integral el manejo contable de las empresas constructoras que celebran contratos de construccin̤. b) Entiendan el manejo contable de los desarrolladores inmobiliarios que no celebran contratos de construccin̤. c) Efecte︢n el cumplimiento expedito de las obligaciones fiscales y de seguridad social. En lo posible, se ejemplifican con casos prc̀ticos los fundamentos legales (LISR, LIVA, Ley del IMSS, etc.) y contables (NIF), aplicables a esta industria. Por otra parte, mediante la reforma fiscal para el ejercicio de 2014, el H. Congreso de la Unin̤ aprob ̤una nueva LISR, en vigor a partir del 1o. de enero de 2014. Esta nueva Ley abrog ̤a la anterior, publicada en el Diario Oficial de la Federacin̤ el 1o. de enero de 2002. La presente obra se encuentra totalmente actualizada con esta nueva Ley. Asimismo, mediante esa reforma fiscal se efectuaron modificaciones importantes a la LIVAy al CFF, las cuales se comentan en esta obra. Tambiň se abrog ̤la LIETU y la LIDE. La obra se encuentra, asimismo, actualizada con las reglas de la Resolucin̤ Miscelǹea Fiscal para 2014, publicada en el Diario Oficial de la Federacin̤ el 30 de diciembre de 2013. 
506 1 |a Disponible solo en los productos indicados  |d vLex Global  |d vLex Global (Academic Edition, excluding Law Schools)  |d vLex Global (U.S. Academic Edition, Law Schools)  |d vLex Global (U.S. Academic Edition, excluding Law Schools)  |d vLex Global (Academic Edition, Law Schools) 
650 0 4 |a Derecho Fiscal  |z Mx̌ico 
700 1 |a Fol Olgun̕, Raymundo 
740 0 |a vLex Libros (Servicio en ln̕ea) 
856 4 0 |u http://vlex.com/source/constructoras-regimen-contable-fiscal-y-de-seguridad-social-11887  |z Acceso restringido 
942 |c BOOK 
999 0 |a Tax Law